| 000 | 02149nam a2200493Ii 4500 | ||
|---|---|---|---|
| 001 | DIGUEXTER0056 | ||
| 003 | NyNyDIG | ||
| 006 | m o d | ||
| 007 | cr ||||||||||| | ||
| 008 | 220329s2013 ck ob 000 0 spa d | ||
| 035 | _a(OCoLC)1319854366 | ||
| 040 |
_aDGITA _beng _erda _epn _cDGITA |
||
| 020 |
_a9789587721065 _qeBook _qePub |
||
| 020 | _z9789587109078 | ||
| 041 | 1 |
_aspa _hund |
|
| 050 | 1 | 4 | _aKZ7055 ebook |
| 100 | 1 |
_aAmbos, Kai, _eauthor. |
|
| 245 | 1 | 0 |
_a¿Castigo sin soberano? : _bius puniendi y función del derecho penal internacional : dos estudios para una teoría coherente del derecho penal internacional / _cKai Ambos ; traducción de Ezequiel Malarino y Carolina Aguilera Marinovic. |
| 250 | _aPrimera edición. | ||
| 264 | 1 |
_aBogotá : _bUniversidad Externado de Colombia, Centro de Investigación en Filosofía y Derecho, _c[2013] |
|
| 300 | _a1 online resource. | ||
| 336 |
_atext _btxt _2rdacontent |
||
| 337 |
_acomputer _bc _2rdamedia |
||
| 338 |
_aonline resource _bcr _2rdacarrier |
||
| 347 |
_atext file _2rdaft |
||
| 347 | _bEPUB | ||
| 490 | 1 |
_aColección de estudios ; _vno. 42 |
|
| 504 | _aIncludes bibliographical references. | ||
| 588 | 0 | _aOnline resource; title from ePUB title page (Digitalia, viewed March 29, 2022) | |
| 650 | 0 | _aInternational criminal law. | |
| 650 | 0 | _aPunishment. | |
| 650 | 0 | _aInternational and municipal law. | |
| 650 | 0 | _aComplementarity (International law) | |
| 655 | 0 | _aElectronic books. | |
| 700 | 1 |
_aMalarino, Ezequiel, _etranslator. |
|
| 700 | 1 |
_aAguilera Marinovic, Carolina, _etranslator. |
|
| 791 | 2 |
_aDigitalia (Firm), _edistributor. |
|
| 793 | 0 |
_gDigitalia eBook Collection: _aUniversidad Externado de Colombia |
|
| 776 | 0 | 8 |
_iPrint version: _aAmbos, Kai. _t¿Castigo sin soberano? _bPrimera edición. _dBogotá : Universidad Externado de Colombia, Centro de Investigación en Filosofía y Derecho, [2013] _z9789587109078 |
| 830 | 0 |
_aColección de estudios (Universidad Externado de Colombia) ; _vno. 42. |
|
| 856 | 4 | 0 |
_3Digitalia Hispánica _uhttps://www.digitaliapublishing.com/a/39973/ |
| 910 | _aPremium collection: 2022 | ||
| 942 | _cRAA | ||
| 999 |
_c245230 _d245230 |
||